=LDR 00000nam 2200000 4500 =001 INLIS000000000036271 =005 20170225095613.0 =006 =007 =008 Ind =035 ##$$0010-061300000036271 =041 ##$$a Ind =082 ##$$a 813 =090 ##$$a 813, Tan t =100 ##$$a Tanan, Antonius =245 ##$$a The gifted club, kisah perjuangan dan cinta anak-anak cerdas istimewa membangun masa depan, Antonius Tanan, natalia Wibowo =260 ##$$a 2010 $b jakarta =300 ##$$a vi, 330 hlm, 19 c,/ =650 ##$$a Fiksi Indonesia =700 ##$$a Wibowo, Natalia =850 ##$$a NBPNMAT =990 ##$$a 92282/BPAP-NTB/2014